Tilastot visalle UMK-kappaleet 2024

Klikkaa tästä pelataksesi tätä visaa!

Yleistilastot

  • Tätä visaa on pelattu 47 kertaa
  • Keskiarvotulos 6 / 7

Vastaustilastot

ArtistiKappale% Oikein
Sara SiipolaPaskana
95%
SexmaneMania
92%
Windows95man feat. Henri PiispanenNo Rules
89%
Mikael Gabriel feat. nubluVox populi
86%
Sini SabotageKuori mua
78%
Jesse MarkinGlow
70%
Cyan KicksDancing With Demons
68%

Tulosjakauma

Persentiili vastausten määrän mukaan

Jokaisen tuloksen saaneiden osuus

Tuloshistoriasi

Et ole pelannut tätä visaa